Africa América Latina: cuadernos /
Uloženo v:
| Médium: | Kniha |
|---|---|
| Vydáno: |
Madrid:
Solidaridad para el desarrollo y la paz, SODEPAZ-SODEPAU; Asociación Andaluza por la solidaridad y la paz
1990-
|
| Témata: | |
| Tagy: |
Přidat tag
Žádné tagy, Buďte první, kdo vytvoří štítek k tomuto záznamu!
|
MARC
| LEADER | 00000nam a22000007a 4500 | ||
|---|---|---|---|
| 003 | cru CIDCACS/IIS | ||
| 005 | 20200611062548.0 | ||
| 007 | ta | ||
| 008 | 181130s1990- sp |||p|r||||||0| ||spa|d | ||
| 999 | |c 41952 |d 41952 | ||
| 022 | |a 11302569 | ||
| 040 | |c cru CIDCACS/IIS | ||
| 090 | |a REV1392 | ||
| 245 | |a Africa América Latina: |b cuadernos / |c Solidaridad para el desarrollo y la paz | ||
| 260 | |a Madrid: |b Solidaridad para el desarrollo y la paz, SODEPAZ-SODEPAU; |b Asociación Andaluza por la solidaridad y la paz |c 1990- | ||
| 270 | |a Pez, 9. 28004 Madrid/ |c Madrid |d España |j 522 80 91 federak |j 532 30 29 Madrid |l 523 38 32 |m sodepaz@nodo50.ix.apc.org | ||
| 500 | |a EXISTENCIAS : 1990 (1-2) 1991 (3-6*.) 1992 (7, 8*, 9) 1993 (10-14) 1994 (16) 1995 (17-19) 1996 (21) 1997 (26-28) 1998 (31-33) *EXTRAORDINARIO | ||
| 650 | 0 | |a MOVIMIENTOS SOCIALES |9 3 | |
| 650 | 0 | |9 88 |a MUJERES | |
| 650 | 0 | |9 64 |a CAPITALISMO | |
| 651 | 0 | |9 5221 |a AFRICA | |
| 651 | 0 | |9 17 |a AMERICA LATINA | |
| 942 | |2 ddc |c PP | ||
